| 000 | 02274cad a22003495a 4500 | ||
|---|---|---|---|
| 001 | L144531 | ||
| 008 | 080728e20080704xxk f v 000 0 eng d | ||
| 035 | _a(Sirsi) u144531 | ||
| 041 | 0 | _aeng | |
| 245 | 0 | 0 |
_aFrench v Barcham _h[electronic resource] |
| 260 | _c2008 | ||
| 520 | _a[2008] EWHC 1505 (Ch) 4 July 2008. Despite a trustee in bankruptcy of a beneficiary having no right of occupation under the Trusts of Land and Appointment of Trustees Act 1996 and being unable to claim compensation under this act for exclusion of the right to occupy, there was no reason why compensation should be denied for the continued occupation of the whole land by the other benificiary. Appellant (F), trustee in bankruptcy of respondent (P) under a trust of land appealled against a decision after it was refused compensation for the continued occupation of a property by B, P's wife. After a bankruptcy order against P, F and another were appointed trustees and 12 years later applied to the courts for an order to sell P's matrimonial home. A dispute arose over whether F should be allowed to set-off against a claim by B, (compensation as a result of mortgage payments etc.), against a charge for the fact that B had been in continuous occupation of the whole of the property since the order to sell. Held: appeal allowed. Although F as a trustee had no rights of occupation, it was reasonable for F to expect an occupation rent from B as the sole occupant of the whole property (including the half that constituted F's interest). | ||
| 590 | _aKA | ||
| 650 | 2 | 4 | _aFRENCH V BARCHAM |
| 650 | 2 | 4 | _aBANKRUPTCY ACT 1914 |
| 650 | 2 | 4 | _aINSOLVENCY ACT 1986 |
| 650 | 2 | 4 | _aTRUSTS OF LAND AND APPOINTMENT OF TRUSTEES ACT 1996 |
| 650 | 2 | 4 | _aBYFORD V BUTLER |
| 650 | 2 | 4 | _aHILL V HICKIN |
| 650 | 2 | 4 | _aSTACK V DOWDEN |
| 650 | 2 | 4 | _aMURPHY V GOOCH |
| 650 | 2 | 4 | _aRE GORMAN (A BANKRUPT) |
| 650 | 2 | 4 | _aRE PAVLOU (A BANKRUPT) |
| 650 | 2 | 4 | _aJACOBS V SEWARD |
| 650 | 2 | 4 | _aJONES (AE) V JONES (FW) |
| 650 | 2 | 4 | _aDENNIS V MCDONALD |
| 650 | 2 | 4 | _aBERNARD V JOSEPHS |
| 651 | 4 |
_aEngland and Wales _y1543- |
|
| 690 |
_aResidential property _96266 |
||
| 856 | 4 | 0 |
_uhttps://www.bailii.org/ew/cases/EWHC/Ch/2008/1505.html _zView the case free of charge at www.bailii.org... |
| 942 | _n0 | ||
| 999 |
_c80511 _d80511 |
||